000 00356nam a2200145Ia 4500
008 210210b1955 xxu||||| |||| 00| 0 eng d
082 _a110/102
100 _aRUNES (Dagobert D). Ed.
245 _aTreasury of philosophy. Vol 2.
260 _aChicago
_bSpencer Press Inc
_c1955
300 _a1270
440 _a2
690 _aPhilosophy
906 _a000895
999 _c77410
_d77410